Представление документа в формате MARC21

Поле Инд. ПП Название Значение
Тип записи a
Библиографический уровень m
001 _ Контрольный номер RU\infra-m\znanium\bibl\972180
005 _ Дата корректировки 20250915104052.0
008 Кодируемые данные 210930s2021 RU g rus u
020 a ISBN 978-5-16-014251-7
020 a ISBN 978-5-16-106739-0
040 a Служба первич. каталог. Общество с ограниченной ответственностью «ЗНАНИУМ»
041 a Код языка текста rus
044 a Код страны публикации RU
080 a Индекс УДК 94(470)(075.8)
084 2 Источник индекса rubbk
a Индекс другой классификации/Индекс ББК 63.3(2)я73
084 2 Источник индекса okso
a Индекс другой классификации/Индекс ББК 00.05.04
084 2 Источник индекса okso
a Индекс другой классификации/Индекс ББК 00.03.04
100 1_ a Автор Земцов Борис Николаевич
q Полное имя Борис Николаевич
245 a Заглавие История России
b Продолж. заглавия Учебник
c Ответственность Российский экономический университет им. Г.В. Плеханова; Российский государственный гуманитарный университет; Российский экономический университет им. Г.В. Плеханова
250 g перераб. и доп.
a Основные сведения об издании 2
260 a Место издания Москва
b Издательство ООО "Научно-издательский центр ИНФРА-М"
c Дата издания 2022
300 a Объем 584 с.
520 a Аннотация В учебнике показана эволюция экономики, социально-политических институтов и культуры, внешнеполитического положения России с IX в. по настоящее время.
521 a Примеч. о целев. назн. ВО - Бакалавриат
650 a Основная рубрика История. Исторические науки
x Основная подрубрика Общие работы по истории России
700 1_ a Другие авторы Шубин Александр Владленович
q Полное имя Александр Владленович
852 x Примечание, не предназначенное для пользователя znanium2022
856 4_ a Имя сервера/домена znanium.com
m Помощь ebs_support@infra-m.ru
n Местонахождение сервера НИЦ ИНФРА-М
u URL http://znanium.com/catalog/document?id=388402
z Примечание для пользователя Участвует в КО
856 41 a Имя сервера/домена znanium.com
d Путь /cover/0972
f Электронное имя 972180.jpg
q Тип электронного формата image/jpeg
u URL https://znanium.com/cover/0972/972180.jpg